Chiesa di S. Paolo alla Rotonda in Reggio Calabria (La) (Record n. 77058)
[ formato base ]
| 000 -LEADER | |
|---|---|
| fixed length control field | 01930nam a2200277Ia 4500 |
| 001 - CONTROL NUMBER | |
| control field | K0401 |
| 003 - CONTROL NUMBER IDENTIFIER | |
| control field | IT-RoPAU |
| 008 - FIXED-LENGTH DATA ELEMENTS--GENERAL INFORMATION | |
| fixed length control field | 130308s9999 xx 000 0 und d |
| 040 ## - CATALOGING SOURCE | |
| Original cataloging agency | IT-RoPAU |
| 040 ## - CATALOGING SOURCE | |
| Transcribing agency | IT-RoPAU |
| 041 ## - LANGUAGE CODE | |
| Language code of text/sound track or separate title | ITALIANO |
| 100 ## - MAIN ENTRY--PERSONAL NAME | |
| Personal name | Gangemi Francesco |
| 100 ## - MAIN ENTRY--PERSONAL NAME | |
| Miscellaneous information | Codice Aut. SPICS: 60156 |
| 245 ## - TITLE STATEMENT | |
| Title | Chiesa di S. Paolo alla Rotonda in Reggio Calabria (La) |
| 245 ## - TITLE STATEMENT | |
| Remainder of title | Chiesa di S. Paolo Alla rotonda in Reggio Calabria (La) |
| 250 ## - EDITION STATEMENT | |
| Edition statement | 1a ed. |
| 260 ## - PUBLICATION, DISTRIBUTION, ETC. (IMPRINT) | |
| Name of publisher, distributor, etc. | s.e. (senza Editrice o non identificata) |
| 260 ## - PUBLICATION, DISTRIBUTION, ETC. (IMPRINT) | |
| Date of publication, distribution, etc. | 1987 [1° Ed.:1987 - Ed.Ling.Originale:1987] |
| 300 ## - PHYSICAL DESCRIPTION | |
| Extent | "158 p. (prefazione: no ; testo: 158 [pagine: 0-0])" |
| 500 ## - GENERAL NOTE | |
| General note | "Arte nella Casa di Dio. Rapporti tra Arte e Fede. Perche' delle Illustrazioni. cenni Storici. Facciata: Pensatori Socrate, Platone, Aristotele, Cicerone, Virgilio, Seneca; Conquistatori Alessandro, Cesare. interno Mosaici: Catino e Pareti Abside; Lesene e Architravi; Cappella a Destra e Sinistra; Pareti sopra Archi; pitture : Annunciazione, Natività, Marie al Sepolcro, Lunettode a Sinistra. sculture Balaustra: Angelo della Fiamma, del Mistero, della Meditazione, dell'Annunzio, sacrificio di Melchisedech, pane di Elia; Moltiplicazione dei Pani; Candelabri di S. Paolo; S. Paolo Tesse Ordito della Fede; S. Paolo Diffonde Vangelo nel Mondo; S. Paolo Plasmatore di Anime; incontro di S. Paolo e Seneca; Crocifisso; Pianto delle Marie; Deposizione. via Crucis del Cristo e via Crucis dell'Uomo: mistero della croce ; radici della croce ; Bronzi della via Crucis. Quattro Stagioni: Primavera, Estate, Autunno, Inverno. Cammino della croce , 14 Stazioni. monumento a S. Paolo. " |
| 650 ## - SUBJECT ADDED ENTRY--TOPICAL TERM | |
| Topical term or geographic name as entry element | SAGGI SULLE ARTI VISIVE |
| 650 ## - SUBJECT ADDED ENTRY--TOPICAL TERM | |
| Relator term | Codice materia Spics: 5011 |
| 942 ## - ADDED ENTRY ELEMENTS (KOHA) | |
| Koha item type | LIBRO |
| 957 ## - | |
| -- | 1 |
| 999 ## - SYSTEM CONTROL NUMBERS (KOHA) | |
| -- | 1 |
| Withdrawn status | Lost status | Damaged status | Not for loan | Home library | Current library | Date acquired | Total Checkouts | Full call number | Date last seen | Price effective from | Koha item type | Public note |
|---|---|---|---|---|---|---|---|---|---|---|---|---|
| Buone Condizioni | Not For Loan | SPICS-MEDIATECA | SPICS-MEDIATECA | 08/03/2013 | K0401 | 08/03/2013 | 08/03/2013 | LIBRO | Progressivo inserimento: 22398 / N. Volumi: 1 Copie: 1 / data import: 1 marzo 2013 - By Epidotti, Trombetti, Vaglietti. |